Cuentos inconclusos de Númenor y la Tierra Media / (Record no. 66679)

MARC details
000 -LEADER
campo de control de longitud fija 00847nam a2200265 i 4500
001 - NÚMERO DE CONTROL
campo de control 66679
003 - IDENTIFICADOR DE NÚMERO DE CONTROL
campo de control ES-MaACL
005 - FECHA Y HORA DE LA ÚLTIMA TRANSACCIÓN
campo de control 20230906165756.0
007 - CAMPO FIJO DE DESCRIPCIÓN FÍSICA--INFORMACIÓN GENERAL
campo de control de longitud fija t|
008 - DATOS DE LONGITUD FIJA--INFORMACIÓN GENERAL
campo de control de longitud fija 921223s1990 sp ||||0| spa d
016 7# - NÚMERO DE CONTROL DE UNA AGENCIA BIBLIOGRÁFICA NACIONAL
Número de control cancelado/no válido CEN920180698
020 ## - NÚMERO INTERNACIONAL ESTÁNDAR DEL LIBRO
Número Internacional Estándar del Libro 84-450-7291-9
040 ## - FUENTE DE CATALOGACIÓN
Centro catalogador/agencia de origen M-BN
Lengua de catalogación spa
Centro/agencia transcriptor CEN
080 ## - NÚMERO DE LA CLASIFICACIÓN DECIMAL UNIVERSAL
Número de la Clasificación Decimal Universal 820-34"19"
100 1# - ENTRADA PRINCIPAL--NOMBRE DE PERSONA
Nombre de persona Tolkien, J. R. R.
9 (RLIN) 110463
245 10 - MENCIÓN DEL TÍTULO
Título Cuentos inconclusos de Númenor y la Tierra Media /
Mención de responsabilidad, etc. J. R. R. Tolkien ; introducción, comentario, índice y mapas de Christopher Tolkien ; [traducción de Rubén Masera].
250 ## - MENCION DE EDICION
Mención de edición 1ª ed. en rúst.
260 ## - PUBLICACIÓN, DISTRIBUCIÓN, ETC.
Lugar de publicación, distribución, etc. Barcelona :
Nombre del editor, distribuidor, etc. Minotauro,
Fecha de publicación, distribución, etc. 1997.
300 ## - DESCRIPCIÓN FÍSICA
Extensión 578 p. :
Otras características físicas map. ;
Dimensiones 24 cm.
500 ## - NOTA GENERAL
Nota general Indice.
700 1# - ENTRADA AGREGADA--NOMBRE PERSONAL
Nombre de persona Tolkien, Christopher.
9 (RLIN) 110462
700 1# - ENTRADA AGREGADA--NOMBRE PERSONAL
Nombre de persona Masera, Rubén.
9 (RLIN) 78704
852 ## - LOCALIZACIÓN
Ubicación ES-MaACL
Número de control de estantería L-27146
Sublocalización o colección R.132775
Holdings
Estatus retirado Estado de pérdida Estado de daño No para préstamo Biblioteca de origen Biblioteca actual Ubicación en estantería Fecha de adquisición Fuente de adquisición Total de préstamos Signatura topográfica completa Código de barras Visto por última vez Precio de reemplazo Tipo de ítem Koha
        Biblioteca del Ateneo de Madrid Biblioteca del Ateneo de Madrid Depósito 2 17/01/2008     L-27146 1069844 23/02/2023 23/02/2023 Libro impreso